<?xml version="1.0" encoding="UTF-8"?><?xml-stylesheet type="text/xsl" href="static/style.xsl"?><OAI-PMH xmlns="http://www.openarchives.org/OAI/2.0/" xmlns:xsi="http://www.w3.org/2001/XMLSchema-instance" xsi:schemaLocation="http://www.openarchives.org/OAI/2.0/ http://www.openarchives.org/OAI/2.0/OAI-PMH.xsd"><responseDate>2026-04-13T15:20:57Z</responseDate><request verb="GetRecord" identifier="oai:www.recercat.cat:10256/13971" metadataPrefix="marc">https://recercat.cat/oai/request</request><GetRecord><record><header><identifier>oai:recercat.cat:10256/13971</identifier><datestamp>2024-05-22T11:12:43Z</datestamp><setSpec>com_2072_452966</setSpec><setSpec>com_2072_2054</setSpec><setSpec>col_2072_452968</setSpec></header><metadata><record xmlns="http://www.loc.gov/MARC21/slim" xmlns:dcterms="http://purl.org/dc/terms/" xmlns:xsi="http://www.w3.org/2001/XMLSchema-instance" xmlns:doc="http://www.lyncode.com/xoai" xsi:schemaLocation="http://www.loc.gov/MARC21/slim http://www.loc.gov/standards/marcxml/schema/MARC21slim.xsd">
   <leader>00925njm 22002777a 4500</leader>
   <datafield ind2=" " ind1=" " tag="042">
      <subfield code="a">dc</subfield>
   </datafield>
   <datafield ind2=" " ind1=" " tag="720">
      <subfield code="a">Fernández Castro, Allende</subfield>
      <subfield code="e">author</subfield>
   </datafield>
   <datafield ind2=" " ind1=" " tag="260">
      <subfield code="c">2016-06</subfield>
   </datafield>
   <datafield ind2=" " ind1=" " tag="520">
      <subfield code="a">Este trabajo va a hacer una revisión bibliográfica sobre la vida de las mujeres en prisión. Primero estudiaremos cuál y cómo ha sido la evolución del sistema penitenciario, y qué es ésta institución. Después nos centraremos directamente en la mujer, el feminismo y la Criminología de Género. Y, por último, veremos el perfil de las mujeres encarceladas y las consecuencias de que vivan entre rejas. &#xd;
La pena de prisión supone una serie de castigos más allá de la privación de libertad. Y esas consecuencias negativas se ven agravadas en el sector de las mujeres. Éstas sufren el hecho de que las prisiones sean centros creados por y para hombres, sufren la "inadaptación" de los centros, que pocas veces, por no decir que ninguna, satisfacen sus necesidades básicas, como la rehabilitación (y la rehabilitación en caso de drogodependencia), y la reinserción social. Coloca a las penadas en una situación de exclusión social, una situación que incrementa los factores criminógenos que las incitan a delinquir, e implica la ruptura de los lazos familiares, la desubicación geográfica, y, si además son madres, supone también una presión adicional en cuanto a que se ven separadas de sus hijos o, en el caso de que sus hijos estén con ellas, se sienten mal por criarlos dentro de una prisión. Así, la institución penitenciaria encarcela a las mujeres, y castiga a sus hijos. ¿Por qué, si no se puede condenar a quien no delinque, se castiga a los hijos de las mujeres que están en prisión?</subfield>
   </datafield>
   <datafield ind1="8" ind2=" " tag="024">
      <subfield code="a">http://hdl.handle.net/10256/13971</subfield>
   </datafield>
   <datafield tag="653" ind2=" " ind1=" ">
      <subfield code="a">Presons de dones -- Espanya</subfield>
   </datafield>
   <datafield tag="653" ind2=" " ind1=" ">
      <subfield code="a">Preses -- Aspectes sociològics -- Espanya</subfield>
   </datafield>
   <datafield tag="653" ind2=" " ind1=" ">
      <subfield code="a">Fills de preses -- Espanya</subfield>
   </datafield>
   <datafield tag="653" ind2=" " ind1=" ">
      <subfield code="a">Children of women prisioners -- Spain</subfield>
   </datafield>
   <datafield tag="653" ind2=" " ind1=" ">
      <subfield code="a">Women prisoners -- Sociological aspects -- Spain</subfield>
   </datafield>
   <datafield tag="653" ind2=" " ind1=" ">
      <subfield code="a">Reformatories for women -- Spain</subfield>
   </datafield>
   <datafield ind2="0" ind1="0" tag="245">
      <subfield code="a">Las Mujeres en prisión</subfield>
   </datafield>
</record></metadata></record></GetRecord></OAI-PMH>